000 00678nam a2200265Ia 4500
003 OSt
005 20221007111910.0
006 a|||||r|||| 00| 0
007 ta
008 221006b |||||||| |||| 00| 0 eng d
020 _a9789380231778
024 _a24,517
037 _cTextual
040 _aLCO
_cLCO
_beng
041 _2eng
_aeng
082 _aY15:4:6, P9
100 _aMalik Krishna Pal
245 0 _aWomen and the Law
250 _a1st
260 _aFaridabad
_bAllahabad Law Agency India
_c2009
300 _a413
650 _aWOMEN AND THE LAW
_9708604
942 _hY15:4:6, P9
_cTEXL
999 _c1194080
_d1194080